000 01894nam a22002537a 4500
999 _c2623
_d2623
003 OSt
005 20230801154741.0
008 230801b ||||| |||| 00| 0 eng d
020 _a9789579502337
040 _cKH8
082 _a495 YEH
100 _aYeh, Shao-Ping,
_eauthor.
245 _aAmazing Chinese Textbook 1 /
_cShao-Ping Yeh.
260 _aTaiwan:
_bKang Hsuan Educational Publishing,
_c2021.
300 _a144 pages,
_bcolour illustrations.
520 _aThe "Amazing Chinese" series is a set of teaching materials specifically designed for a Chinese language course within international schools. The teaching materials aim to support and establish the learning foundations of secondary school students who are non-native Chinese speakers. The series have six levels. Each level contains a textbook, a workbook and a teacher’s book. The IGCSE subject categories provide the main framework for each unit's main scheme or each lesson's learning objectives. The IB teaching philosophy is adopted when writing the contents, and some of the AP teaching criteria are considered to keep in line with the teaching styles of different language cultures. The vocabulary and sentences or sentence patterns are arranged and compiled based on the HSK levels, with some references from the TOCFL. The teaching materials primarily merge the Chinese and Western language communicative patterns in the lesson text and learning activities. In the culture and social contact, traditional and modern behaviours and habits permeate through. The whole objective is to evoke international students' interest, love and effective mastering of the Chinese language.
650 _aMandarin language
650 _aMandarin grammar
700 _aChen, Lifen,
_eauthor.
700 _aTu, Jessy,
_eauthor.
700 _aTam, Hugo Wing-Yu,
_eauthor.
700 _aDaiwei, Wei,
_eauthor.
942 _2ddc
_cTR